Ximena Cristi por Ximena Cristi.
Na minha lista:
| Autor principal: | |
|---|---|
| Formato: | Livro |
| Publicado em: |
Santiago, Chile:
Museo de Arte Contemporáneo, Facultad de Artes, Universidad de Chile; Itaú Fundación,
2010.
|
| Assuntos: | |
| Tags: |
Adicionar Tag
Sem tags, seja o primeiro a adicionar uma tag!
|
MARC
| LEADER | 00000nam a22000007a 4500 | ||
|---|---|---|---|
| 003 | CL-VaPUC | ||
| 005 | 20221128144240.0 | ||
| 008 | 221123t2010 ||||| |||| 00| 0 eng d | ||
| 999 | |c 439509 |d 439507 | ||
| 020 | |a 978-956-19-0684-6 | ||
| 040 | |c Pontificia Universidad Católica de Valparaíso | ||
| 082 | 7 | |a 759.983 CRI 2010 |2 22 | |
| 100 | |a Cristi, Ximena |9 873681 |e autora | ||
| 245 | |a Ximena Cristi por Ximena Cristi. | ||
| 260 | |a Santiago, Chile: |b Museo de Arte Contemporáneo, Facultad de Artes, Universidad de Chile; |b Itaú Fundación, |c 2010. | ||
| 300 | |a 99 páginas; ilustraciones. | ||
| 500 | |a c.1 Donación Escuela de Negocios. | ||
| 583 | |c 20221123 |k Catalogador Asistente | ||
| 600 | |a Cristi, Ximena |x Arte postimpresionista |x Expresionismo figurativo |y 1920-2022 |z Chile |9 878809 | ||
| 942 | |2 ddc |c BK | ||
| 952 | |0 0 |1 0 |2 ddc |4 0 |6 759_983000000000000_CRI_2010 |7 0 |8 A |9 587868 |a BIBENE |b BIBENE |c GEN |d 2022-11-23 |e Donación |i 5655751 |o 759.983 CRI 2010 |p 5655751 |r 2025-01-15 |t 1 |w 2022-11-23 |y BK |k ICO | ||